000 04453nam a22006255i 4500
001 978-3-319-48036-7
003 DE-He213
005 20210118125403.0
007 cr nn 008mamaa
008 170210s2017 gw | s |||| 0|eng d
020 _a9783319480367
_9978-3-319-48036-7
024 7 _a10.1007/978-3-319-48036-7
_2doi
050 4 _aQ342
072 7 _aUYQ
_2bicssc
072 7 _aTEC009000
_2bisacsh
072 7 _aUYQ
_2thema
082 0 4 _a006.3
_223
245 1 0 _aIntelligent Autonomous Systems 14
_h[electronic resource] :
_bProceedings of the 14th International Conference IAS-14 /
_cedited by Weidong Chen, Koh Hosoda, Emanuele Menegatti, Masahiro Shimizu, Hesheng Wang.
250 _a1st ed. 2017.
264 1 _aCham :
_bSpringer International Publishing :
_bImprint: Springer,
_c2017.
300 _aXV, 1172 p. 646 illus., 533 illus. in color.
_bonline resource.
336 _atext
_btxt
_2rdacontent
337 _acomputer
_bc
_2rdamedia
338 _aonline resource
_bcr
_2rdacarrier
347 _atext file
_bPDF
_2rda
490 1 _aAdvances in Intelligent Systems and Computing,
_x2194-5357 ;
_v531
505 0 _aSensing for Navigation -- Path Planning and Localization -- Theory and Methods for SLAM -- Offroad Vehicles -- Multi-robot Systems -- Robot Vision -- Human-Robot Interaction -- Medical Robot Applications -- Robot Control and Actuation -- Robot Design -- Industrial Applications.
520 _aThis book describes the latest research advances, innovations, and visions in the field of robotics as presented by leading researchers, engineers, and practitioners from around the world at the 14th International Conference on Intelligent Autonomous Systems (IAS-14), held in Shanghai, China in July 2016. The contributions amply demonstrate that robots, machines and systems are rapidly achieving intelligence and autonomy, attaining more and more capabilities such as mobility and manipulation, sensing and perception, reasoning, and decision-making. They cover a wide range of research results and applications, and particular attention is paid to the emerging role of autonomous robots and intelligent systems in industrial production, which reflects their maturity and robustness. The contributions were selected by means of a rigorous peer-review process and highlight many exciting and visionary ideas that will further galvanize the research community and spur novel research directions. The series of biennial IAS conferences, which began in 1986, represents a premiere event in the field of robotics.
650 0 _aComputational intelligence.
650 0 _aArtificial intelligence.
650 0 _aOptical data processing.
650 1 4 _aComputational Intelligence.
_0http://scigraph.springernature.com/things/product-market-codes/T11014
650 2 4 _aArtificial Intelligence.
_0http://scigraph.springernature.com/things/product-market-codes/I21000
650 2 4 _aImage Processing and Computer Vision.
_0http://scigraph.springernature.com/things/product-market-codes/I22021
700 1 _aChen, Weidong.
_eeditor.
_4edt
_4http://id.loc.gov/vocabulary/relators/edt
700 1 _aHosoda, Koh.
_eeditor.
_4edt
_4http://id.loc.gov/vocabulary/relators/edt
700 1 _aMenegatti, Emanuele.
_eeditor.
_4edt
_4http://id.loc.gov/vocabulary/relators/edt
700 1 _aShimizu, Masahiro.
_eeditor.
_4edt
_4http://id.loc.gov/vocabulary/relators/edt
700 1 _aWang, Hesheng.
_eeditor.
_4edt
_4http://id.loc.gov/vocabulary/relators/edt
710 2 _aSpringerLink (Online service)
773 0 _tSpringer eBooks
776 0 8 _iPrinted edition:
_z9783319480350
776 0 8 _iPrinted edition:
_z9783319480374
830 0 _aAdvances in Intelligent Systems and Computing,
_x2194-5357 ;
_v531
856 4 0 _uhttps://doi.org/10.1007/978-3-319-48036-7
912 _aZDB-2-ENG
999 _c446952
_d446952
942 _cEB
506 _aAvailable to subscribing member institutions only. Доступно лише організаціям членам підписки.
506 _fOnline access from local network of NaUOA.
506 _fOnline access with authorization at https://link.springer.com/
506 _fОнлайн-доступ з локальної мережі НаУОА.
506 _fОнлайн доступ з авторизацією на https://link.springer.com/